000 00300nam a2200121Ia 4500
008 190216s9999||||xx |||||||||||||| ||und||
100 _aMamtha Kaliya
245 0 _aHindi-Nayi Shadi Ke Prahjan Sresht Mahila Kathakar
260 _bNavalok Prakashan
300 _a143
650 _aHindi
942 _cBK
999 _c16164
_d16164